Statistics for Who is not Russian? - Multiple Choice

Click here to take the quiz!

General Stats

  • This quiz has been taken 142 times
  • The average score is 11 of 15

Answer Stats

QuestionAnswer% Correct
PhilosophersKarl Marx
90%
AuthorsFranz Kafka
89%
LeadersSaparmurat Niyazov
89%
AstronautsJudith Resnik
86%
PlaywrightsVáclav Havel
83%
Ballet dancersMargot Fonteyn
81%
RulersBoris III
78%
ComposersAram Khachaturian
73%
Tennis playersPetra Kvitová
73%
Present-day pop singersAvicii
66%
MusiciansYehudi Menuhin, violinist
62%
ScientistsMax Planck, Nobel prize winner in theoretical physics
61%
Chess PlayersRustam Kasimdzhanov
50%
World boxing championsVitali Klitschko
45%
2016 Olympic Gold MedallistsOlivia Smoliga, swimming
34%

Score Distribution

Percentile by Number Answered

Percent of People with Each Score

Your Score History

You have not taken this quiz